000
00342nam a2200169Ia 4500
100
_a
Kamat/Vithal Venkatesh
650
_a
Fiction
942
_c
BK
366
_f
20
654
_a
will power
245
_a
Idli
260
_b
Embassy Books
_c
2014
082
_a
808.83
_b
KAM
300
_a
208
546
_a
ENGLISH
_c
Computers
999
_c
25580
_d
25580